| 000 | 00891nam a22002177a 4500 | ||
|---|---|---|---|
| 999 |
_c20372 _d20372 |
||
| 003 | AR-CdUCM | ||
| 008 | 190529b ||||| |||| 00| 0 spa d | ||
| 020 | _a84-7031-114-X | ||
| 040 |
_aMUNICIPALIDAD PROVINCIAL DEL CUSCO _cBIBLIOTECA MUNICIPAL DEL CUSCO |
||
| 082 |
_a500 / _bCH56 _23ed. |
||
| 100 |
_aChinery, Michael _942605 |
||
| 245 |
_aGuía práctica ilustrada para los amantes de la naturaleza : _bCómo observar, estudiar, coleccionar, conservar y explorar la fauna y flora de la ciudad y del campo con fascinantes trabajos y experimentos / |
||
| 260 |
_aBarcelona : _bBlume, _c1980. |
||
| 300 |
_a192 páginas ; _c29 cm. _bIlustraciones. |
||
| 505 | _aContenido: Observación de la naturaleza -- la vida en el agua -- Las aves... | ||
| 650 |
_aInsectos _921313 |
||
| 650 |
_aNaturaleza _94241 |
||
| 650 |
_aFlora y fauna _97216 |
||
| 942 |
_2ddc _cLIBROS |
||
| 945 | _aJavier | ||